100 clics - Banlieue de Rouen, Nantes, Grenoble, Montpellier ou Nice ? - Statistiques

Statistiques générales
  • Ce quiz a été pris 313 fois
  • Le résultat moyen est 48 sur 100
Statistiques - réponses
Hint Réponse % Correct
Cannes Nice
84%
Déville-lès-Rouen Rouen
82%
Sotteville-lès-Rouen Rouen
81%
Antibes Nice
79%
Thouaré-sur-Loire Nantes
72%
Cagnes-sur-Mer Nice
71%
Le Grand-Quevilly Rouen
70%
Saint-Sébastien-sur-Loire Nantes
68%
Sainte-Luce-sur-Loire Nantes
68%
Le Petit-Quevilly Rouen
68%
Grasse Nice
63%
Échirolles Grenoble
62%
Le Cannet Nice
62%
Saint-Laurent-du-Var Nice
62%
Elbeuf Rouen
59%
Saint-Pierre-lès-Elbeuf Rouen
59%
Saint-Étienne-du-Rouvray Rouen
58%
Castelnau-le-Lez Montpellier
57%
Prades-le-Lez Montpellier
57%
Caudebec-lès-Elbeuf Rouen
57%
Gières Grenoble
56%
Indre Nantes
56%
Meylan Grenoble
55%
Voreppe Grenoble
55%
Grand-Couronne Rouen
55%
Saint-Aubin-lès-Elbeuf Rouen
55%
Saint-Martin-d'Hères Grenoble
54%
Saint-Égrève Grenoble
54%
Eybens Grenoble
53%
Seyssins Grenoble
53%
La Tronche Grenoble
53%
Montferrier-sur-Lez Montpellier
53%
Fontaine Grenoble
52%
Le Pont-de-Claix Grenoble
52%
Lattes Montpellier
52%
La Chapelle-sur-Erdre Nantes
52%
Bois-Guillaume Rouen
52%
Seyssinet-Pariset Grenoble
51%
Claix Grenoble
51%
Petit-Couronne Rouen
51%
Sassenage Grenoble
50%
Pérols Montpellier
50%
Couëron Nantes
50%
Oissel Rouen
50%
Villard-Bonnot Grenoble
49%
Juvignac Montpellier
49%
Fabrègues Montpellier
49%
Saint-Herblain Nantes
49%
Mandelieu-la-Napoule Nice
49%
Mont-Saint-Aignan Rouen
49%
Rezé Nantes
48%
Le Mesnil-Esnard Rouen
48%
Domène Grenoble
47%
Saint-Jean-de-Védas Montpellier
47%
Villeneuve-lès-Maguelone Montpellier
47%
Vendargues Montpellier
47%
Carquefou Nantes
47%
Notre-Dame-de-Bondeville Rouen
47%
Saint-Martin-le-Vinoux Grenoble
46%
Saint-Gély-du-Fesc Montpellier
46%
Orvault Nantes
45%
Vallauris Nice
45%
Canteleu Rouen
45%
Varces-Allières-et-Risset Grenoble
44%
Le Crès Montpellier
44%
Bouguenais Nantes
44%
La Trinité Nice
44%
Darnétal Rouen
44%
Vertou Nantes
43%
Bihorel Rouen
43%
Basse-Goulaine Nantes
42%
Haute-Goulaine Nantes
42%
Vence Nice
42%
Roquefort-les-Pins Nice
42%
Saint-Ismier Grenoble
41%
Montbonnot-Saint-Martin Grenoble
41%
Maromme Rouen
41%
Bouaye Nantes
40%
Clapiers Montpellier
37%
Mougins Nice
37%
Jacou Montpellier
36%
Lavérune Montpellier
36%
Saussan Montpellier
36%
Les Sorinières Nantes
36%
Villeneuve-Loubet Nice
35%
Carros Nice
34%
Grabels Montpellier
33%
Teyran Montpellier
33%
Sautron Nantes
33%
Biot Nice
33%
La Colle-sur-Loup Nice
32%
Saint-Clément-de-Rivière Montpellier
31%
Saint-Jean-de-Boiseau Nantes
31%
Assas Montpellier
29%
Mouans-Sartoux Nice
29%
Pégomas Nice
28%
Pont-Saint-Martin Nantes
27%
Contes Nice
27%
La Montagne Nantes
22%
Peymeinade Nice
21%
Aucun quiz correspondant
Distribution des résultats
% des personnes avec chaque résultat
Percentile par nombre de réponses
Votre historique - résultats
Vous n’avez pas pris ce quiz